| 000 | 00502cam a2200181ua 4500 | ||
|---|---|---|---|
| 020 |
_a81-85475-16-4 _c325.00 |
||
| 041 |
_aeng _h |
||
| 082 |
_a631.587 _bCHI/TA |
||
| 100 | _aChiranjeevulu, Peddakota . | ||
| 245 |
_aTank irrigation and agricultural development / _cPeddakota Chiranjeevulu. _hTextual Documents |
||
| 250 |
_a1 / _b. |
||
| 260 |
_aDelhi : _bKanishka Publishing House , _c1992. |
||
| 300 | _a275 ; . | ||
| 365 | _a325.00 | ||
| 504 | _a | ||
| 942 | _cBK | ||
| 999 |
_c9972 _d9972 |
||